Načítá se...

Lalaji Grandhashala Rajatha Jubilee Sahityopaharam

Podrobná bibliografie
Médium: Printed Book
Vydáno: Karunagapally; Silver Jubilee Souvenir; 1955
Vydání:Ist
Témata:
LEADER 00755nam a22001577a 4500
082 |a 891.423  |b LAL/L J5 
240 |a Lalaji Grandhashala Rajatha Jubilee Sahityopaharam 
245 |a Lalaji Grandhashala Rajatha Jubilee Sahityopaharam 
250 |a Ist 
260 |a Karunagapally;  |b Silver Jubilee Souvenir;  |c 1955 
300 |a 180p. 
650 |a നോവല്‍; മലയാളം നോവല്‍; പഞ്ചാബി വിവര്‍ത്തന നോവല്‍   |9 294231 
650 |a Malayalam; Novel; Malayalam Novel; Punjabi Translated Novel  |9 277927 
942 |c BK 
999 |c 73762  |d 73762 
952 |0 0  |1 0  |4 0  |6 891_423000000000000_LAL_L_J5  |7 0  |8 NOVET  |9 86958  |a MAL  |b MAL  |d 2017-01-20  |e 3985  |g 2.00  |l 0  |o 891.423 LAL/L J5  |p MAL003985  |r 2017-01-20  |t 1  |w 2017-01-20  |y BK